Central Library OPAC University of Rajshahi

The little kingdom / (Record no. 77095)

MARC details
000 -LEADER
fixed length control field 00793nam a22002532i 4500
001 - CONTROL NUMBER
control field 77095
003 - CONTROL NUMBER IDENTIFIER
rucl marc code BD-RjUL
005 - DATE AND TIME OF LATEST TRANSACTION
control field 20211209082926.0
008 - FIXED-LENGTH DATA ELEMENTS--GENERAL INFORMATION
fixed length control field 200224r19651964enka 000 0 eng d
035 ## - SYSTEM CONTROL NUMBER
System control number OCLC ocm21262798 from D950420M
System control number (BD-RjUL)77319
040 ## - CATALOGING SOURCE
Original cataloging agency HCJ
Transcribing agency HCJ
Modifying agency UKM
-- EQO
-- BD-RjUL
Language of cataloging eng
041 ## - LANGUAGE CODE
Language code of text/sound track or separate title eng
082 ## - DEWEY DECIMAL CLASSIFICATION NUMBER
Edition number 23
Classification number 813.5
Author mark and year CAL 1965
100 1# - MAIN ENTRY--PERSONAL NAME
Personal name Call, Hughie,
Dates associated with a name 1890-1969.
9 (RLIN) 151577
245 14 - TITLE STATEMENT
Title The little kingdom /
Statement of responsibility, etc. by Hughie Call; with illustrations by Gloria Kamen.
260 ## - PUBLICATION, DISTRIBUTION, ETC. (IMPRINT)
Place of publication, distribution, etc. London :
Name of publisher, distributor, etc. Gollancz,
Date of publication, distribution, etc. 1965.
300 ## - PHYSICAL DESCRIPTION
Pagination [8], 134 p.:
Illustrations ill. ;
Size 23 cm.
500 ## - GENERAL NOTE
General note Originally published, Boston (Mass.), Houghton Mifflin, 1964
650 ## - SUBJECT ADDED ENTRY--TOPICAL TERM
Topical term or geographic name as entry element Call, Louise.
9 (RLIN) 239734
Topical term or geographic name as entry element Ranch life.
9 (RLIN) 239735
942 ## - ADDED ENTRY ELEMENTS (KOHA)
Source of classification or shelving scheme Dewey Decimal Classification
Koha item type Books
Holdings
Lost status Source of classification or shelving scheme Damaged status Not for loan Collection code Permanent Location Current Location Shelving location Date acquired Total Checkouts Full call number Date last seen Copy number Koha item type
  Dewey Decimal Classification   Not For Loan Non-fiction Central Library, University of Rajshahi Central Library, University of Rajshahi Reading Room 17/05/1976   813.5 CAL 1965 24/02/2020 C-1 Books